Gijutsukenshu no tame no nihongo (Japanese Conversation) (Record no. 1092272)

MARC details
000 -LEADER
fixed length control field 00683nam a2200229Ia 4500
003 - CONTROL NUMBER IDENTIFIER
control field OSt
005 - DATE AND TIME OF LATEST TRANSACTION
control field 20221006152012.0
008 - FIXED-LENGTH DATA ELEMENTS--GENERAL INFORMATION
fixed length control field 221006b |||||||| |||| 00| 0 chi d
037 ## - SOURCE OF ACQUISITION
Terms of availability Annuals, Advances
040 ## - CATALOGING SOURCE
Original cataloging agency EASL
Transcribing agency EASL
Language of cataloging chi
041 ## - LANGUAGE CODE
Source of code chi
Language code of text/sound track or separate title chi
245 #0 - TITLE STATEMENT
Title Gijutsukenshu no tame no nihongo (Japanese Conversation)
Remainder of title 50 hours
260 ## - PUBLICATION, DISTRIBUTION, ETC.
Place of publication, distribution, etc. Tokyo
Name of publisher, distributor, etc. Japan International Cooperation Agency
Date of publication, distribution, etc. 1988
300 ## - PHYSICAL DESCRIPTION
Extent 133p.
Dimensions cm.
650 ## - SUBJECT ADDED ENTRY--TOPICAL TERM
Topical term or geographic name entry element JL
942 ## - ADDED ENTRY ELEMENTS (KOHA)
Classification part P42, M8-;1
Koha item type Reference
Source of classification or shelving scheme Colon Classification (CC)

No items available.

Copyright @ Delhi University Library System